02479nam a2200373 i 4500003001000000005001700010007000300027008004100030020001800071040003500089041000800124043001200132084001100144100003600155245012000191250002300311264005100334300005900385336002900444337003300473338002800506500005800534520109400592521004101686650004701727650005001774650004601824650003301870650003601903650004901939700003101988700004002019700004602059CO-BoRNBP20250307160426.0ta231120s2022 ck o|||er 001 pcspa d a9789585303331 aCO-BoRNBPbspacCO-BoRNBPerda0 aspa as-cl--- aP YOY11 aYezzed, Fredy,d1979- , eautor10aYo vengo a ofrecer mi poemabantología de resistenciacFredy Yezzed ... [y otros ciento cuarenta y seis autores]  aPrimera edición  1aBogotá, ColombiabEditorial Escarabajoc2021 a607 páginas bfotografías en blanco y negroc24 cm atextobtxt2rdacontenido asin mediaciónbn2rdamedio avolumenbnc2rdasoporte aIncluye índice y datos biográficos de los autores3 a<>, escribió Walt Whitman, y esa es la esencia que alimenta esta antología sobre la resistencia, cuyo grito estalló en Chile y se propagó por Colombia a finales de 2019. Yo vengo a ofrecer mi poema convoca a más de trescientos poemas venidos de diferentes latitudes- para desnudar la vértebra de una época arrastrada por la violencia, la pobreza, la desigualdad y la injusticia social, pero también para dar cuenta de hombres y mujeres llenos de dignidad y esperanza. Estos poemas salen a la calle, se leen en las paredes, se expresan sin violencia y acompañan con solidaridad a los manifestantes. El lector encontrará en este volumen versos que preguntan por nuestra noción de país, por los desaparecidos, por los líderes y lideresas asesinados, por la violencia contra la mujer, por la injusticia y la corrupción, por la identidad latinoamericana, por el dolor del mundo, por las formas de hacer Memoria con la ayuda de la belleza y el asombro. (Tomado a partes del texto). aRecomendado para un público adulto17aPoesía latinoamericanaySiglo XX2ARMARC17aLiteratura latinoamericana ySiglo XX2ARMARC17aMovimientos de protestavPoesía2ARMARC17aViolencia vPoesía2ARMARC17aPoesía revolucionaria2ARMARC17aBrutalidad policial en la literatura2ARMARC1 aYezzed, Fredyeselección1 aRojas Warner, Stefhanyeselección1 aBechara Navratilova, Eduardodselección